1307 1960 1118 1272 1580 1712 1733 1790 1467 1151 1659 1880 1367 1159 1597 1529 1990 1190 1003 1021 1841 1647 1128 1420 1916 1367 1888 1023 1216 1011 1545 1718 1027 1643 1370 1615 1398 1784 1699 1121 1777 1189 1736 1920 1396 1766 1470 1476 1391 1529 1785 1973 1405 1710 1961 1719 1320 1402 1122 1008 1252 1461 1258 1219 1056 1411 1892 1024 1140 1401 1565 1839 1028 1942 1562 1670 1726 1536 1067 1634 1503 1967 1430 1692 1725 1671 1213 1176 1751 1393 1068 1126 1193 1779 1418 1386 1458 1316 1343 BCNSPRNW ULIB Ver.6.0+V

เปลี่ยนเป็นภาษาไทย

Change to English
 แสดงรายละเอียดบรรณานุกรม
  กลับหน้าหลัก

Brief Record : Get Marc (ISO 2709) : E-mail record : QR code < ปิดหน้าต่าง
LEADER : 00000nam 2200000uu 4500
001    13399129207
003     ULIB
008    020711s2568 th a 000 0 tha d
020    ^a9786166220582
060    ^aWM412^bพ642ก
100    ^aพิชัย อิฏฐสกุล
245    ^aการรักษาทางจิตเวชด้วยไฟฟ้า (ELECTROCONVULSIVE THERAPY)
250    ^aพิมพ์ครั้งที่ 2
260    ^aกรุงเทพฯ :^bสำนักพิมพ์รามาธิบดี คณะแพทยศาสตร์โรงพยาบาลรามาธิบดี มหาวิทยาลัยมหิดล,^c2568
300    ^a194 หน้า;^b26 ซม.
650    ^aจิตเวชศาสตร์^xการรักษาด้วยไฟฟ้า
999    ^aประนอม เกษจรัล
รายการนี้ยังไม่มีแท็ก
คุณยังไม่ได้ล็อกอิน คุณสามารถมีกิจกรรมร่วมกับเว็บไซต์ได้ แต่ต้องล็อกอินก่อน ::
  ล็อกอิน

รายการสื่อสารสนเทศ

ลำดับที่ ประเภท เลขเรียก/บาร์โค้ด สถานที่ สถานะ
1. วิทยาศาสตร์การแพทย์ และสุขภาพ
หนังสือสำรอง
สถานะ=หนังสือสำรอง
WM412 พ642ก ฉ.1 
  Barcode: 012168
ห้องสมุดวิทยาเขตสวรรค์ประชารักษ์
►หนังสือทั่วไป
บนชั้น
2. วิทยาศาสตร์การแพทย์ และสุขภาพ
วิทยาศาสตร์การแพทย์ และสุขภาพ
WM412 พ642ก ฉ.2 
  Barcode: 012169
ห้องสมุดวิทยาเขตสวรรค์ประชารักษ์
►หนังสือทั่วไป
บนชั้น
3. วิทยาศาสตร์การแพทย์ และสุขภาพ
วิทยาศาสตร์การแพทย์ และสุขภาพ
WM412 พ642ก ฉ.3 
  Barcode: 012170
ห้องสมุดวิทยาเขตสวรรค์ประชารักษ์
►หนังสือทั่วไป
บนชั้น
4. วิทยาศาสตร์การแพทย์ และสุขภาพ
วิทยาศาสตร์การแพทย์ และสุขภาพ
WM412 พ642ก ฉ.4 
  Barcode: 012171
ห้องสมุดวิทยาเขตสวรรค์ประชารักษ์
►หนังสือทั่วไป
บนชั้น
5. วิทยาศาสตร์การแพทย์ และสุขภาพ
วิทยาศาสตร์การแพทย์ และสุขภาพ
WM412 พ642ก ฉ.5 
  Barcode: 012172
ห้องสมุดวิทยาเขตสวรรค์ประชารักษ์
►หนังสือทั่วไป
บนชั้น

BibComment


ยังไม่เคยถูกคอมเมนท์

คอมเมนท์ทรัพยากรรายการนี้
  คอมเมนท์: การรักษาทางจิตเว..


 Copyright 2026. Bcnsprnw @Library